| 000 | 01083cam a2200301 a 4500 | ||
|---|---|---|---|
| 999 |
_c233724 _d233724 |
||
| 001 | 2438011 | ||
| 003 | Nust | ||
| 005 | 20170310145148.0 | ||
| 008 | 881005s1989 nyu 000 1 eng | ||
| 010 | _a 88026711 | ||
| 020 |
_a9780099289838 _c$17.95 ($23.95 Can.) |
||
| 040 |
_aDLC _cDLC _dDLC |
||
| 050 | 0 | 0 |
_aPS3563.O667 _bW4 1989 |
| 082 | 0 | 0 |
_a813.54 _bMOO |
| 100 | 1 | _aMoore, Susanna. | |
| 245 | 1 | 4 |
_aThe whiteness of bones / _cSusanna Moore. |
| 250 | _a1st ed. | ||
| 260 |
_aNew York : _bDoubleday, _c1989. |
||
| 300 |
_a277 p. ; _c22 cm. |
||
| 650 | 0 |
_aYoung women _zNew York (State) _zNew York _vFiction. |
|
| 650 | 0 |
_aSelf-actualization (Psychology) _vFiction. |
|
| 655 | 7 |
_aPsychological fiction. _2lcsh |
|
| 655 | 7 |
_aBildungsromane. _2gsafd |
|
| 906 |
_a7 _bcbc _corignew _d1 _eocip _f19 _gy-gencatlg |
||
| 942 |
_2ddc _cBK |
||